000 00675 a2200193 4500
003 NUST
005 20251121145354.0
040 _cNust
082 _a621.382,KHA
100 _aKhan , Capt Mumtaz Usman (TCC-17A)
_9131985
245 _aImplementation of DS-CDMA /
_cCapt Usman Mumtaz Khan, Capt Shakil Anjum, Capt Ali Hussain and Capt Sayyed Ali Raza
260 _aRawalpindi
_bMCS (NUST)
_c2009
300 _a92 p.;
505 _aIntroduction (Page-1), Spread Spectrum (Page-7), Fundamental of CDMA (Page-22), MATLAB Coding (Page-64).
650 _aUG Projects
_998716
651 _aTCC-17A
_9131971
700 _aSupervised by Fazal Ahmed
_9131986
942 _cPR
_2ddc
999 _c184020
_d184020